Ser Jesús /

Obra que recoge la continuidad de las reflexiones de Luis Martínez (1881-1956), Arzobispo Primado de México, que iniciara en su libro Jesús, en el que medita sobre la vida de Jesús y su presencia en la Iglesia a través de la eucaristía y en lo profundo de nuestro ser.

में बचाया:
ग्रंथसूची विवरण
मुख्य लेखक: Martínez, Luis María (autor)
स्वरूप: पुस्तक
भाषा:स्पेनिश
प्रकाशित: México : La Cruz, 1978, c1978
संस्करण:7a edición
विषय:
टैग: टैग जोड़ें
कोई टैग नहीं, इस रिकॉर्ड को टैग करने वाले पहले व्यक्ति बनें!

MARC

LEADER 00000nam^a2200000^a^4500
001 000299652
005 20250521000000.0
009 20260310112446.002
025 |a Donación Jesús Vergara Aceves, 1 ejemplar 
037 |a Acervo Xavier Clavigero 
041 |a ESP 
082 |a 232. 9  |b MAR 
100 |a Martínez, Luis María  |e (autor) 
245 1 0 |a Ser Jesús /  |c L.M. Martínez. 
250 |a 7a edición 
264 4 |a México :  |b La Cruz,  |c 1978, c1978 
300 |a 50 p. 
336 |a texto  |b txt  |2 rdacontenido 
337 |a sin mediación  |b n  |2 rdamedio 
338 |a volumen  |b nc  |2 rdasoporte 
520 |a Obra que recoge la continuidad de las reflexiones de Luis Martínez (1881-1956), Arzobispo Primado de México, que iniciara en su libro Jesús, en el que medita sobre la vida de Jesús y su presencia en la Iglesia a través de la eucaristía y en lo profundo de nuestro ser. 
649 |a XX 
650 |a Jesucristo -  |x Meditaciones -  |x Tema Principal 
650 |a Meditación 
650 |a Espiritualidad 
650 |a Iglesia Católica 
650 |a Catolicismo 
650 |a Cristianismo 
650 |a Religión 
910 |a Fondo Jesús Vergara Aceves S.J. 
920 |a Impresos - Libros 
930 |a Fondos Especiales 
905 |a 119 
901 |a 0500185265  |b IT2  |c ESP  |i D  |u 20250521 
902 |a https://opac.biblio.iteso.mx/vufind/Record/000299652